ՀՀ Գիտությունների ազգային ակադեմիայի հիմնարար գիտական գրադարան  =   Fundamental Scientific Library of NAS RA

Стихотворения Ивана Ивановича Дмитриева / (Record no. 309837)

MARC details
000 -LEADER
fixed length control field 01279nam a2200265 a 4500
001 - CONTROL NUMBER
control field 000882058
003 - CONTROL NUMBER IDENTIFIER
control field AM-YeHGA
005 - DATE AND TIME OF LATEST TRANSACTION
control field 20250617145324.0
008 - FIXED-LENGTH DATA ELEMENTS--GENERAL INFORMATION
fixed length control field 120405s1823 ||| r 000 0 rus d
040 ## - CATALOGING SOURCE
Original cataloging agency AM-YeHGA
041 0# - LANGUAGE CODE
Language code of text/sound track or separate title rus
090 ## - LOCALLY ASSIGNED LC-TYPE CALL NUMBER (OCLC); LOCAL CALL NUMBER (RLIN)
-- 311552
100 1# - MAIN ENTRY--PERSONAL NAME
Personal name Дмитриев, Иван Иванович,
Dates associated with a name 1760-1837
245 10 - TITLE STATEMENT
Title Стихотворения Ивана Ивановича Дмитриева /
Statement of responsibility, etc. И.И. Дмитриева.
250 ## - EDITION STATEMENT
Edition statement 6-е изд. испр. и уменьшенное
260 ## - PUBLICATION, DISTRIBUTION, ETC.
Place of publication, distribution, etc. Санктпетербург :
Name of publisher, distributor, etc. В типографии Н. Греча,
Date of publication, distribution, etc. 1823.
300 ## - PHYSICAL DESCRIPTION
Dimensions часть
500 ## - GENERAL NOTE
General note Изд., по предложению автора, Вольное о-во любителей рос. словесности с условием, что деньги, вырученные от продажи книг, будут использованы в благотворительных целях.
500 ## - GENERAL NOTE
General note Подстроч. примеч. авт.
500 ## - GENERAL NOTE
General note Портр. И.И. Дмитриева по рис. Н.И. Тончи.
500 ## - GENERAL NOTE
General note Литогр. В.И. Погонкина.
505 10 - FORMATTED CONTENTS NOTE
Miscellaneous information Ч. 1 (1823, 150 c., портр.)
653 0# - INDEX TERM--UNCONTROLLED
Uncontrolled term Русская поэзия 18-19 вв.
942 ## - ADDED ENTRY ELEMENTS (KOHA)
Source of classification or shelving scheme Universal Decimal Classification
Koha item type Գրքեր / Books
Holdings
Withdrawn status Lost status Source of classification or shelving scheme Damaged status Not for loan Collection Home library Current library Date acquired Serial enumeration / chronology Total checkouts Full call number Barcode Date last seen Price effective from Koha item type Public note
    Universal Decimal Classification     Hambardzumyan Individual Collection Fundamental Scientific Library Fundamental Scientific Library 09/01/2017 Ч. 1   Amb/1825 FL0226312 09/01/2017 09/01/2017 Գրքեր / Books ILL Non-Circ.


ՀՀ ԳԱԱ հիմնարար գիտական գրադարան
ՀՀ,Երևան 0019
Մարշալ Բաղրամյան 24/6
հեռախոս:(374-10) 52-47-50
Հետադարձ կապ

All site content, except where otherwise noted, is licensed under a
Creative Commons License